header

Criminal liability for non-aggressive death (Record no. 36564)

MARC details
000 -LEADER
fixed length control field 02309nam a22003854a 4500
082 04 - DEWEY DECIMAL CLASSIFICATION NUMBER
Classification number 345.42/02525
245 00 - TITLE STATEMENT
Title Criminal liability for non-aggressive death
260 ## - PUBLICATION, DISTRIBUTION, ETC. (IMPRINT)
Place of publication Aldershot, Hants, England ;
-- Burlington, VT, USA :
Name of publisher Ashgate,
Year of publication c2008.
300 ## - PHYSICAL DESCRIPTION
Number of Pages xi, 256 p.
500 ## - GENERAL NOTE
General note Most of the papers were presented at a conference on criminal liability for non-aggressive death, Leicester, England, April 2007.
505 0# - FORMATTED CONTENTS NOTE
Formatted contents note Homicide reform and the changing character of legal thought / Jeremy Horder -- The limits of manslaughter / Victor Tadros -- Whose luck is it anyway? / R.A. Duff -- Corporate manslaughter : need for a special offence? / C.M.V. Clarkson -- Vehicular homocide : need for a special offence? / Sally Cunningham -- Mum's not the word : an analysis of Section 5, Domestic Violence, Crime and Victims Act 2004 / Jonathan Herring -- Medical killing : need for a specific offence? / Oliver Quick -- Dealing with drug induced homicide / William Wilson -- Manslaughter versus special homicide offences : an Australian perspective / Stanley Yeo -- 'Manslaughter' : generic or nominate offences? / Andrew Ashworth.
650 #0 - SUBJECT ADDED ENTRY--TOPICAL TERM
Topical Term Manslaughter
Topical Term Criminal liability
Topical Term Homicide
Topical Term Negligence, Criminal
700 1# - ADDED ENTRY--PERSONAL NAME
Personal name Clarkson, C. M. V.
Personal name Cunningham, Sally.
856 40 - ELECTRONIC LOCATION AND ACCESS
Uniform Resource Identifier http://site.ebrary.com/lib/rucke/Doc?id=10240614

No items available.

© 2026 Rongo University
Contact us: librarian | system librarian | Rongo university